000
00272nam a2200097Ia 4500
001
907934
005
20250826185044.0
008
250824s9999 xx 000 0 und d
245
0
_a
ORHAN ŞAİK GÖKYAY HAYAI VE ESERLERİ
_c
GÜNAY KUT
260
_b
KÜLTÜR BAKANLIĞI YAYINLARI
999
_c
907934
_d
907934